000 008530am a2200241 004500
008 710831s1974 enk d 000 0deng
040 _aDLC
_cDLC
_dDLC
041 _aengfregeritarus
050 0 0 _aHD2965
_b.V6 1974
092 0 4 _a334.03
_bV8724 1974
_221
099 _a04
_a334.03 V8724 1974
245 0 0 _aVocabulary of cooperative Terms = Vocabulaire des termes cooperatifs = genosseschaftliches worterbuch = Voaulario de terminos cooperativos.
246 1 0 _agenosseschaftliches worterbuch
246 1 0 _aVoaulario de terminos cooperativos.
246 1 0 _aVocabulaire des termes cooperatifs.
260 _aLondon,
_bInternational Cooperative Alliance.,
_c1974.
300 _aix,149,23,21,22,14 p.
_c22 cm.
650 0 _aCooperation
_xDictionaries
_xPolyglot.
902 _a1
905 _aEman
_eRev
905 _aJamal
_eCat
942 _2ddc
_cREF
999 _c105220
_d105220